[Event "Michigan Open Reserve"]
[Site "Romulus, MI"]
[Date "2000.09.04"]
[Round "6.32"]
[White "Mose, Greg"]
[Black "Neshewat, Michael"]
[Result "1/2-1/2"]
[WhiteElo "1500"]
[BlackElo "1775"]
[PlyCount "116"]
[EventDate "2000.09.01"]

1. e4 e6 2. d4 d5 3. Nc3 Bb4 4. e5 c5 5. Qg4 g6 6. a3 h5 7. Qg5 Qxg5 8. Bxg5
cxd4 9. axb4 dxc3 10. bxc3 Bd7 11. Nf3 Bc6 12. b5 Bd7 13. c4 dxc4 14. Rd1 a6
15. Bxc4 axb5 16. Bxb5 Nc6 17. c4 Nh6 18. O-O Nf5 19. Rd2 Nfe7 20. Bf6 Rg8 21.
Rfd1 Rd8 22. Nd4 Ra8 23. Bxe7 Kxe7 24. Nxc6+ Bxc6 25. Bxc6 bxc6 26. Rd7+ Kf8
27. Rc7 Ra6 28. h3 Kg7 29. Rd6 Ra5 30. f4 c5 31. Rdc6 Ra1+ 32. Kh2 Rb8 33. h4
Rf1 34. Rxc5 Rxf4 35. Kg3 Rg4+ 36. Kf3 Rb3+ 37. Ke2 Rxg2+ 38. Kf1 Ra2 39. Rb5
Rh3 40. Kg1 Rxh4 41. Rbb7 Rg4+ 42. Kh1 Rf4 43. Rb1 Rc2 44. c5 Re4 45. Rf1 Rxe5
46. c6 Rf5 47. Rxf5 exf5 48. Rc8 Kf6 49. c7 Kg5 50. Kg1 Kg4 51. Kf1 Kg3 52. Ke1
h4 53. Kf1 h3 54. Rd8 Rxc7 55. Rd3+ Kg4 56. Kg1 f4 57. Rd2 Kg3 58. Rg2+ hxg2
1/2-1/2

[Event "Michigan Open Reserve"]
[Site "Romulus, MI"]
[Date "2000.09.04"]
[Round "6.40"]
[White "Morian, William"]
[Black "Raugh, Walter"]
[Result "0-1"]
[WhiteElo "1548"]
[BlackElo "1150"]
[PlyCount "148"]
[EventDate "2000.09.01"]

1. e4 c5 2. Nf3 d6 3. d4 cxd4 4. Qxd4 Nc6 5. Bb5 Bg4 6. Qa4 Qc7 7. Nd4 Bd7 8.
Nc3 Nf6 9. Be3 a6 10. Nxc6 Bxc6 11. Bxc6+ Qxc6 12. Qxc6+ bxc6 13. O-O-O Ng4 14.
Rhe1 g6 15. h3 Nxe3 16. fxe3 Bg7 17. Rd3 Bxc3 18. Rxc3 Kd7 19. e5 d5 20. e4 e6
21. exd5 cxd5 22. Rf1 Rhf8 23. Rb3 Ra7 24. Rbf3 Kc8 25. g4 Rc7 26. g5 Kd8 27.
Rf4 Ke8 28. Rh4 Rh8 29. Rff4 Kf8 30. Rb4 Kg7 31. Rb6 Ra7 32. Ra4 Rha8 33. Ra5
h6 34. h4 hxg5 35. hxg5 Kf8 36. Kd2 Ke7 37. Kd3 Kd7 38. b3 Kc7 39. Rd6 Kb7 40.
Rd7+ Kb6 41. Rxa7 Kxa7 42. Ra4 Rh8 43. Rf4 Rh7 44. Kd4 Kb6 45. c4 dxc4 46. bxc4
Kc6 47. a4 a5 48. c5 Rh1 49. Rxf7 Rh4+ 50. Kd3 Kxc5 51. Rg7 Rxa4 52. Rxg6 Kd5
53. Rg8 Kxe5 54. g6 Kf6 55. Re8 Rg4 56. Ra8 a4 57. Ra6 a3 58. Kc2 a2 59. Kb2
Rg2+ 60. Ka1 Re2 61. Ra3 Kxg6 62. Rf3 Kg5 63. Rf8 Kg4 64. Rf7 Kg3 65. Rf8 e5
66. Rf6 e4 67. Rf8 Kg2 68. Rf6 Rf2 69. Re6 Kf3 70. Rf6+ Ke2 71. Re6 e3 72. Re8
Rf4 73. Rb8 Kf1 74. Kxa2 e2 0-1

[Event "Michigan Open Reserve"]
[Site "Romulus, MI"]
[Date "2000.09.04"]
[Round "6.30"]
[White "Moore, Robert"]
[Black "Schell, Ken"]
[Result "0-1"]
[WhiteElo "1627"]
[BlackElo "1555"]
[PlyCount "36"]
[EventDate "2000.09.01"]

1. e4 d5 2. exd5 Nf6 3. Bb5+ Bd7 4. Bxd7+ Qxd7 5. c4 c6 6. dxc6 Nxc6 7. Nf3 Qd3
8. a3 Qxc4 9. Qe2 Qxc1+ 10. Qd1 Qxd1+ 11. Kxd1 O-O-O 12. Nc3 e6 13. Rc1 Kb8 14.
Ke2 Bd6 15. h3 Rd7 16. g3 Rhd8 17. Rc2 e5 18. Rd1 e4 0-1

[Event "Michigan Open Reserve"]
[Site "Romulus, MI"]
[Date "2000.09.04"]
[Round "6.50"]
[White "Moore, Martin"]
[Black "Aguilar, Javier"]
[Result "1-0"]
[WhiteElo "1505"]
[BlackElo "1254"]
[PlyCount "91"]
[EventDate "2000.09.01"]

1. d4 d5 2. Nf3 Nf6 3. e3 g6 4. Bd3 Bg7 5. O-O O-O 6. b3 Bg4 7. Nbd2 Nbd7 8.
Bb2 Rc8 9. h3 Bxf3 10. Nxf3 c5 11. c4 cxd4 12. exd4 dxc4 13. Bxc4 Nb6 14. Ne5
Nxc4 15. Nxc4 Nd5 16. Rc1 Rc7 17. Qd2 e6 18. Rc2 Bf6 19. Ba3 Be7 20. Rfc1 Bxa3
21. Nxa3 Rxc2 22. Rxc2 Qd7 23. Nc4 Rc8 24. Ne3 Rxc2 25. Qxc2 Nxe3 26. fxe3 Qc6
27. Qc4 Qe4 28. Qc3 Qb1+ 29. Kh2 Qxa2 30. Qc8+ Kg7 31. Qxb7 a5 32. Qb5 Qd2 33.
Qe5+ Kg8 34. e4 Qc3 35. Qb8+ Kg7 36. d5 exd5 37. exd5 h5 38. Qf4 Qxb3 39. d6
Qb8 40. Kg3 Qd8 41. Qe5+ Kg8 42. Qe7 Qb6 43. Qe8+ Kg7 44. Qe5+ Kg8 45. d7 Qb3+
46. Kh2 1-0

[Event "Michigan Open Reserve"]
[Site "Romulus, MI"]
[Date "2000.09.04"]
[Round "6.25"]
[White "McCarter, Robert"]
[Black "James, Larry"]
[Result "1/2-1/2"]
[WhiteElo "1649"]
[BlackElo "1701"]
[PlyCount "118"]
[EventDate "2000.09.01"]

1. d4 Nf6 2. Nf3 g6 3. c4 c5 4. Bg5 Bg7 5. e3 O-O 6. Nc3 cxd4 7. exd4 d5 8.
Bxf6 exf6 9. cxd5 Re8+ 10. Be2 Bf5 11. O-O a6 12. a4 Qa5 13. Qb3 Nd7 14. Nh4
Be4 15. Bf3 Bxf3 16. Nxf3 Nb6 17. Rfe1 Red8 18. Re7 Rab8 19. d6 Rf8 20. Rae1
Nc8 21. Rxb7 Rxb7 22. Qxb7 Nxd6 23. Qc6 Qb4 24. Nd5 Qb8 25. b4 Nf5 26. Nxf6+
Bxf6 27. Qxf6 Qxb4 28. g4 Qc3 29. Kg2 Ng7 30. Re7 Qc4 31. Ra7 Qxa4 32. Rxa6 Qd7
33. h3 Rd8 34. Ng5 Ne8 35. Qf4 Qb7+ 36. Kg3 Qc7 37. Qxc7 Nxc7 38. Ra7 Ne6 39.
Nxf7 Rxd4 40. Nh6+ Kh8 41. Re7 Rd3+ 42. Kh2 Ng5 43. Nf7+ Nxf7 44. Rxf7 Kg8 45.
Re7 Rd5 46. h4 Ra5 47. Kg3 Ra4 48. Re3 Kg7 49. f4 Rb4 50. g5 Rb7 51. Kg4 Ra7
52. Re4 h6 53. h5 hxg5 54. fxg5 gxh5+ 55. Kxh5 Ra8 56. Re7+ Kg8 57. Kg6 Rb8 58.
Rg7+ Kh8 59. Rf7 Kg8 1/2-1/2

[Event "Michigan Open"]
[Site "Romulus, MI"]
[Date "2000.09.04"]
[Round "7.15"]
[White "Mazuchowski, Tom"]
[Black "Dodaj, Gjergj"]
[Result "1-0"]
[WhiteElo "2096"]
[BlackElo "1926"]
[PlyCount "51"]
[EventDate "2000.09.01"]

1. e4 c6 2. f4 d5 3. e5 Bf5 4. d3 e6 5. Be2 h6 6. Nf3 Bc5 7. d4 Bb6 8. b4 Nd7
9. a4 Ne7 10. c3 Bxb1 11. Rxb1 Qc7 12. a5 Bxa5 13. bxa5 Qxa5 14. Bd2 Qc7 15.
O-O b5 16. Bd3 g6 17. Qc2 a5 18. g4 Nb6 19. f5 g5 20. Bc1 Nc4 21. fxe6 fxe6 22.
Bxc4 dxc4 23. Nd2 O-O-O 24. Ne4 Nd5 25. Nd6+ Rxd6 26. exd6 1-0

[Event "Michigan Open Reserve"]
[Site "Romulus, MI"]
[Date "2000.09.04"]
[Round "7.50"]
[White "LaFerriere, Adam"]
[Black "Carpenter, George"]
[Result "1/2-1/2"]
[WhiteElo "851"]
[BlackElo "1400"]
[PlyCount "95"]
[EventDate "2000.09.01"]

1. e4 d6 2. d4 Nf6 3. Nc3 g6 4. Be3 Bg7 5. Qd2 O-O 6. Bh6 Nbd7 7. Bxg7 Kxg7 8.
Nf3 c6 9. O-O-O b5 10. d5 b4 11. dxc6 bxc3 12. Qxc3 Nc5 13. Bd3 Qc7 14. e5 Nd5
15. Qd4 Qxc6 16. e6+ f6 17. b4 Nxd3+ 18. Rxd3 Bxe6 19. h4 Rac8 20. Ne1 Bf5 21.
Qxd5 Bxd3 22. Qxd3 Qa4 23. a3 Rc7 24. h5 Rfc8 25. hxg6 hxg6 26. Rh3 Rc3 27. Qe4
Qxa3+ 28. Kd1 Rxh3 29. Qxe7+ Kh6 30. gxh3 Qxb4 31. Qxf6 Qb1+ 32. Kd2 Re8 33.
Qf4+ Kg7 34. Qd4+ Re5 35. Nd3 Qb6 36. Qxb6 axb6 37. Nxe5 dxe5 38. Ke3 Kf6 39.
Ke4 Ke6 40. f4 exf4 41. Kxf4 Kf6 42. Kg4 g5 43. Kg3 Kf5 44. c3 b5 45. Kf3 Ke5
46. Ke3 Kd5 47. Kd3 Kc5 48. Kc2 1/2-1/2

[Event "Michigan Open Reserve"]
[Site "Romulus, MI"]
[Date "2000.09.04"]
[Round "7.26"]
[White "Kane, Paul"]
[Black "Gorman, Jonathan"]
[Result "1-0"]
[WhiteElo "1643"]
[BlackElo "1268"]
[Annotator "Jeff Aldrich"]
[PlyCount "37"]
[EventDate "2000.09.01"]

{Slav: Modern Exchange} 1. d4 d5 2. c4 c6 3. Nf3 Nf6 4. cxd5 cxd5 5. Nc3 Bf5 $6
{It is always dangerous to develop the queen's bishop like this in the Slav.}
6. Qb3 Qd7 7. Ne5 Qc7 8. Nxd5 Nxd5 9. Qxd5 Be6 $6 ({Much better is} 9... e6 {
giving the other bishop a chance to be deveoped. With the text move, there is
chance the bishop will never see the light of day.}) 10. Qf3 Nd7 11. Bf4 Qb6
12. Qc3 Nxe5 13. Bxe5 Rc8 14. Qd2 Bf5 15. Rc1 Rxc1+ 16. Qxc1 Qa5+ 17. Qc3 Qxa2
{Overaggressive, but black has serious problems either way.} 18. e4 $1 Qb1+ $4
19. Kd2 {DIAGRAM: About the only move stopping 20. Bb5+ is 19... Qxf1.} 1-0

[Event "Michigan Open Reserve"]
[Site "Romulus, MI"]
[Date "2000.09.04"]
[Round "6.36"]
[White "Jointer, William"]
[Black "Haygood, Norman"]
[Result "0-1"]
[WhiteElo "1617"]
[BlackElo "1693"]
[PlyCount "92"]
[EventDate "2000.09.01"]

1. d4 d5 2. e4 c6 3. e5 Bf5 4. Nc3 e6 5. Be3 Qb6 6. Qd2 Qxb2 7. Rb1 Qxc2 8.
Rxb7 Qxd2+ 9. Bxd2 Ne7 10. Be2 h6 11. Nf3 Kd8 12. O-O Kc8 13. Rfb1 Bxb1 14.
Rxb1 Ng6 15. h4 Be7 16. g3 a5 17. h5 Nf8 18. Na4 Nfd7 19. Bc3 Kc7 20. Nd2 c5
21. Nb3 Nc6 22. dxc5 Rhb8 23. Bd3 Ndxe5 24. Bc2 Bf6 25. Kg2 Nd7 26. Bd2 Nb4 27.
Bh7 Rh8 28. a3 Rxh7 29. axb4 axb4 30. c6 Rxa4 31. cxd7 Ra2 32. Bxb4 Kxd7 33.
Nc5+ Kc6 34. Nd3 Rh8 35. Rc1+ Kb7 36. Bd6 Rha8 37. Rc7+ Kb6 38. Nb4 Rb2 39. Nd3
Rd2 40. Nc5 Raa2 41. Rb7+ Kc6 42. Bf8 Rxf2+ 43. Kh3 Bd4 44. Rb8 Rh2+ 45. Kg4
f5+ 46. Kf4 Rhf2# 0-1

[Event "Michigan Open Reserve"]
[Site "Romulus, MI"]
[Date "2000.09.04"]
[Round "7.22"]
[White "James, Larry"]
[Black "Zuniga, Jesus"]
[Result "1-0"]
[WhiteElo "1701"]
[BlackElo "1571"]
[PlyCount "71"]
[EventDate "2000.09.01"]

1. e4 e6 2. d4 d5 3. e5 c5 4. c3 Nc6 5. Nf3 Qb6 6. Bd3 Bd7 7. O-O cxd4 8. cxd4
f6 9. a3 fxe5 10. Nxe5 Nxe5 11. dxe5 Ne7 12. Nc3 O-O-O 13. Qc2 Kb8 14. Bg5 Rc8
15. Qe2 h6 16. Bh4 Nc6 17. Bg3 g5 18. Nxd5 Qa5 19. Nf6 Be8 20. b4 Qd8 21. Rfd1
Qe7 22. Rac1 Qf7 23. Bc4 Bg7 24. Ne4 Rd8 25. Rxd8+ Nxd8 26. Nd6 Qd7 27. Bb3 Nc6
28. b5 Ne7 29. Qc4 h5 30. h3 Bg6 31. Qxe6 Qxe6 32. Bxe6 Rf8 33. Bc4 Ka8 34. Be2
Nf5 35. Nxf5 Bxf5 36. Bxh5 1-0

[Event "Michigan Open Reserve"]
[Site "Romulus, MI"]
[Date "2000.09.04"]
[Round "6.45"]
[White "Imai, Toshio"]
[Black "Ford, Adam"]
[Result "1/2-1/2"]
[WhiteElo "1500"]
[BlackElo "817"]
[PlyCount "49"]
[EventDate "2000.09.01"]

1. e4 e5 2. Bc4 Nf6 3. d4 Nc6 4. Nf3 d6 5. Ng5 Be6 6. Nxe6 fxe6 7. Bxe6 Nxd4 8.
Bb3 Nxb3 9. axb3 Be7 10. Nc3 O-O 11. O-O c6 12. Be3 d5 13. exd5 cxd5 14. Bxa7
d4 15. Nb5 Qd7 16. Qe2 Nd5 17. Rfd1 Bf6 18. Bc5 Nf4 19. Qc4+ Kh8 20. Bxf8 Rxf8
21. Ra7 Qg4 22. Qf1 Bh4 23. Kh1 h6 24. f3 Qe6 25. g3 1/2-1/2

[Event "Michigan Open Reserve"]
[Site "Romulus, MI"]
[Date "2000.09.04"]
[Round "6.39"]
[White "Hershberger, Kent"]
[Black "Aldrich, Justin"]
[Result "0-1"]
[WhiteElo "1024"]
[BlackElo "1584"]
[PlyCount "78"]
[EventDate "2000.09.01"]

1. e4 e5 2. Nf3 Nc6 3. d4 exd4 4. Bc4 Na5 5. Bd3 d6 6. Nxd4 Be7 7. O-O Bd7 8.
Qf3 Nf6 9. Nf5 Bxf5 10. Qxf5 Nc6 11. Bg5 Ne5 12. Be2 h6 13. Bd2 Qd7 14. Qf4 Nh7
15. Qg3 Ng6 16. f4 Bf6 17. Nc3 c6 18. Rad1 Qe7 19. Be3 Bh4 20. Qf3 Bf6 21. Bc4
Nhf8 22. Rd2 Rd8 23. Bb3 Qc7 24. Qf2 b6 25. Bd4 Nd7 26. Bxf6 Nxf6 27. f5 Ne5
28. Qg3 O-O 29. Ne2 Nxe4 30. Qe3 Nxd2 31. Qxd2 Ng4 32. f6 d5 33. Ng3 Nxf6 34.
Rxf6 gxf6 35. Qxh6 Qe5 36. c3 Qg5 37. Qh3 Rde8 38. Bc2 Qe3+ 39. Kf1 Qe1# 0-1

[Event "Michigan Open"]
[Site "Romulus, MI"]
[Date "2000.09.04"]
[Round "7.12"]
[White "Herndon, Robert"]
[Black "Ciaffone, Bob"]
[Result "1/2-1/2"]
[WhiteElo "1875"]
[BlackElo "2213"]
[Annotator "Bob Ciaffone"]
[PlyCount "118"]
[EventDate "2000.09.01"]

1. e4 {In this game, black knows he has a good ending because white has a weak
kingpawn. But black fails to appreciate that he also has a good middlegame.
When black gets the ending he has headed for, it turns out the opponent has
enough resources to draw.} c5 2. Nf3 e6 3. d4 cxd4 4. Nxd4 Nf6 5. Nc3 d6 {The
Scheveningen Sicilian.} 6. Bg5 {I guess white does not read the openings
column in Michigan Chess (my column), which recently discussed this move as
not being too swift a line for white to use.} Be7 $1 {Better than 6...h6 which
is drawish.} 7. Qd2 a6 8. O-O-O b5 9. a3 Bb7 10. Bd3 Nbd7 {So far, white has
played the best moves, and the position is about equal.} 11. f4 {Perhaps 11.f3
is better. White aims for e5, but the pawn does not belong there unless white
can attack the king.} O-O {Either 11...Qc7 or 11...Rc8 may be more accurate.}
12. Rhe1 Nc5 $1 {The Nc5 stops white from using the e4 square after he pushes
e5.} 13. e5 dxe5 14. fxe5 Nd5 15. Bxe7 Qxe7 16. Ne4 Nxe4 17. Bxe4 Rfd8 18. Qd3
h6 19. Kb1 Rac8 20. Qb3 Nb6 {Black steers for the ending. To be considered was
20...Rc5} 21. Bxb7 Qxb7 22. Qf3 Qc7 $1 {Black does not want white to be able
to support e5 with his f-pawn.} 23. Qe2 Rd5 24. Nf3 Rcd8 {Better may be 24...
Rdc5 staying in the middlegame.} 25. Rxd5 Rxd5 26. Rd1 Qc4 27. Rd2 Qxe2 28.
Rxe2 Nc4 29. Ka2 g5 30. h3 Kf8 31. b3 Na5 32. Rd2 Rxd2 33. Nxd2 Nc6 {so we
have reached a knight ending, one of the most difficult types to play
accurately.} 34. Nf3 Ke7 35. c4 bxc4 36. bxc4 f6 37. exf6+ Kxf6 38. Kb3 Kf5 39.
Kc3 e5 40. c5 h5 {The move 40...Kf5 likely leads to a draw.} 41. Kc4 g4 42.
hxg4+ hxg4 43. Ne1 {At this point I realized that my opponent was actually the
one who had winning chances.} Ke4 44. Nc2 Nd4 45. Nxd4 {This leads to a draw
by force.} (45. Nb4 a5 46. c6 axb4 47. c7 Nf5 48. Kc5 Ne7 49. axb4 {This is
complicated, but a draw with best play.}) 45... exd4 46. c6 d3 47. c7 d2 48.
c8=Q d1=Q 49. Qc6+ Kf4 50. Qc7+ Ke3 51. Qc5+ Kf4 52. Qc7+ Ke3 53. Qc5+ Ke4 54.
Qc6+ Kf4 55. Qc7+ Ke4 56. Qc6+ Ke3 57. Qc5+ Kf4 58. Qc7+ Ke4 59. Qc6+ Kf4 {The
moral of this game is to not put all your eggs into one basket.} 1/2-1/2

[Event "Michigan Open Reserve"]
[Site "Romulus, MI"]
[Date "2000.09.04"]
[Round "7.25"]
[White "Haygood, Norman"]
[Black "Steen, Harold"]
[Result "1-0"]
[WhiteElo "1416"]
[BlackElo "1670"]
[Annotator "Jeff Aldrich"]
[PlyCount "91"]
[EventDate "2000.09.01"]

{Modern: Averbakh} 1. e4 d6 2. d4 g6 3. c4 Bg7 4. Nc3 Nd7 5. Nf3 c5 6. Be3 Ngf6
7. h3 a6 8. Be2 O-O 9. O-O b6 10. Qd2 cxd4 11. Nxd4 Bb7 12. Bd3 Nc5 13. Qc2
Nfd7 14. b4 $6 ({Leads to the loss of the c-pawn. Necessary was} 14. Be2) 14...
Nxd3 15. Qxd3 Ne5 16. Qe2 Rc8 17. Rac1 Nxc4 18. Nd5 Bxd5 19. exd5 Nxe3 20. Qxe3
Bxd4 21. Qxd4 Rc7 22. Rc6 Rxc6 23. dxc6 Qc7 24. Rc1 e6 ({Black needs to slow
the queen-side pawns with} 24... b5) 25. a4 f6 $2 {Pawns are stronger in a
chain.} 26. Qc4 Kf7 27. Qxa6 Rb8 28. Qd3 Ra8 29. Qb3 d5 30. b5 Qd6 31. a5 Qc7 (
31... bxa5 32. b6 {black can't stop both passers or}) (31... Rxa5 32. c7 {and
black can't the c-pawn.}) 32. a6 Ke7 33. Qb4+ Ke8 34. Re1 Kf7 35. Qh4 h5 36. g4
Rh8 37. Ra1 g5 38. Qg3 Qxg3+ 39. fxg3 Ra8 40. gxh5 {Another passed pawn, black
can't stop them all.} Ke7 41. h6 Kd6 42. Rc1 d4 43. c7 d3 44. c8=Q Rxc8 45.
Rxc8 Kd7 46. Rc1 1-0

[Event "Michigan Open"]
[Site "Romulus, MI"]
[Date "2000.09.04"]
[Round "7.7"]
[White "Hahn, David"]
[Black "Drake, Robert"]
[Result "1-0"]
[WhiteElo "2143"]
[BlackElo "1878"]
[PlyCount "87"]
[EventDate "2000.09.01"]

1. c4 g6 2. Nc3 Bg7 3. d4 Nf6 4. e4 d6 5. f3 O-O 6. Bg5 h6 7. Be3 Nbd7 8. Qd2
Kh7 9. g4 c6 10. h4 Ne8 11. Nge2 e5 12. d5 Nb6 13. Ng3 cxd5 14. Nxd5 Nxd5 15.
cxd5 Bd7 16. h5 g5 17. Be2 Nc7 18. O-O Nb5 19. Bxb5 Bxb5 20. Rfc1 Qd7 21. Nf5
Rfd8 22. Rc2 Bf8 23. b3 b6 24. a4 Ba6 25. Rac1 Rac8 26. Kf2 Rxc2 27. Rxc2 Rc8
28. Qc1 f6 29. b4 Kg8 30. b5 Bb7 31. Rxc8 Bxc8 32. Qc6 Qd8 33. Ng3 Bd7 34. Qc4
Qc8 35. Qxc8 Bxc8 36. a5 bxa5 37. Bxa7 Kf7 38. Ke2 Ke8 39. Kd2 Kd7 40. Bb6 a4
41. Kc3 Bb7 42. Kb4 Kc8 43. Kxa4 Kb8 44. Bd8 1-0

[Event "Michigan Open Reserve"]
[Site "Romulus, MI"]
[Date "2000.09.04"]
[Round "7.30"]
[White "Grzegorczyk, Ron"]
[Black "Gross, Benjamin"]
[Result "1-0"]
[WhiteElo "1527"]
[BlackElo "1432"]
[PlyCount "125"]
[EventDate "2000.09.01"]

1. e4 d5 2. exd5 Nf6 3. Nc3 Nxd5 4. Qf3 Nxc3 5. Qxc3 Nc6 6. Bb5 Bd7 7. Nf3 a6
8. Bc4 e6 9. a3 Qe7 10. O-O O-O-O 11. b4 Qe8 12. d4 f6 13. Re1 Na7 14. Qb3 Kb8
15. Bxe6 h5 16. d5 Bd6 17. c4 g5 18. c5 g4 19. Nh4 Be5 20. Bb2 Bxb2 21. Qxb2
Rh6 22. Bxg4 Qg8 23. Bf3 Qg5 24. g3 Rg8 25. Kh1 f5 26. Qc1 Qf6 27. Qf4 Nb5 28.
Qe5 Re8 29. Qxf6 Rxf6 30. Rxe8+ Bxe8 31. a4 Nc3 32. a5 Bf7 33. c6 Bxd5 34. cxb7
Bxf3+ 35. Nxf3 Kxb7 36. Kg2 f4 37. Re1 fxg3 38. hxg3 Nd5 39. Re4 Kc6 40. Nd4+
Kd6 41. Nb3 Kc6 42. Nd4+ Kd6 43. Nc2 c5 44. bxc5+ Kxc5 45. Re5 Kc6 46. Rxh5 Re6
47. Nd4+ Kd6 48. Nxe6 Kxe6 49. Rh6+ Nf6 50. Rh8 Nd7 51. f4 Kd5 52. Rd8 Kc6 53.
Rxd7 Kxd7 54. Kf3 Ke6 55. Ke4 Kd6 56. Kd4 Kc6 57. Kc4 Kd6 58. g4 Ke6 59. g5 Kd6
60. g6 Ke6 61. f5+ Kf6 62. Kc5 Kg7 63. Kb6 1-0

[Event "Michigan Open Reserve"]
[Site "Romulus, MI"]
[Date "2000.09.04"]
[Round "6.35"]
[White "Gross, Benjamin"]
[Black "Dunlap, Robert"]
[Result "1/2-1/2"]
[WhiteElo "1432"]
[BlackElo "1632"]
[PlyCount "119"]
[EventDate "2000.09.01"]

1. d4 Nf6 2. c4 c5 3. d5 e6 4. Nc3 exd5 5. Nxd5 Nxd5 6. Qxd5 d6 7. e4 Nc6 8.
Nf3 Be6 9. Qd1 Be7 10. Be2 O-O 11. O-O Bf6 12. Rb1 Re8 13. Bf4 Qa5 14. a3 Bg4
15. h3 Bxf3 16. Bxf3 Nd4 17. Bxd6 Rad8 18. b4 Qxa3 19. Bxc5 Ne6 20. Qb3 Qxb3
21. Rxb3 Nxc5 22. bxc5 Re7 23. Rfb1 Rb8 24. e5 Bxe5 25. Rxb7 Rexb7 26. Rxb7
Rxb7 27. Bxb7 Bd4 28. c6 Bb6 29. Kf1 Kf8 30. Ke2 Ke7 31. Kd3 Kd6 32. f4 a5 33.
g4 Kc5 34. Kc3 a4 35. Ba6 Ba5+ 36. Kb2 Kb4 37. Bb5 Bc7 38. f5 g6 39. fxg6 hxg6
40. Ba6 f6 41. Bc8 Kxc4 42. Ka3 Kb5 43. Bd7 g5 44. Be8 Bd6+ 45. Ka2 Kb4 46. Bd7
a3 47. Bf5 Kc4 48. Bd7 Kd3 49. Bf5+ Ke3 50. Bd7 Kf3 51. Bf5 Kg3 52. Bd7 Kxh3
53. Bf5 Kg3 54. Bd7 Kf4 55. Bf5 Ke5 56. Bd7 Kd5 57. Bf5 Kxc6 58. Bc8 Kd5 59.
Bf5 Ke5 60. Bc8 1/2-1/2

[Event "Michigan Open Reserve"]
[Site "Romulus, MI"]
[Date "2000.09.04"]
[Round "6.52"]
[White "Frantz, John W"]
[Black "Treacy, Joe"]
[Result "0-1"]
[WhiteElo "1227"]
[BlackElo "1500"]
[PlyCount "38"]
[EventDate "2000.09.01"]

1. b4 e5 2. Bb2 Bxb4 3. Bxe5 Nf6 4. a3 Bc5 5. e3 O-O 6. Nf3 Nc6 7. Bg3 d5 8.
Be2 d4 9. O-O Bf5 10. c3 d3 11. Qb3 dxe2 12. Re1 Bb6 13. d4 Na5 14. Qb5 Qd5 15.
Qxe2 Ne4 16. Nfd2 Rfe8 17. f3 Nxg3 18. hxg3 Qc6 19. c4 Bxd4 0-1

[Event "Michigan Open Reserve"]
[Site "Romulus, MI"]
[Date "2000.09.04"]
[Round "6.64"]
[White "Frantz, John C"]
[Black "Fleeman, Paul"]
[Result "0-1"]
[WhiteElo "443"]
[BlackElo "999"]
[PlyCount "70"]
[EventDate "2000.09.01"]

1. e4 g6 2. Nf3 Bg7 3. Ng5 Nh6 4. Qf3 O-O 5. Bc4 e6 6. d4 Bxd4 7. Nh3 Bg7 8.
Nd2 c6 9. Nb3 b5 10. Be2 Qc7 11. Bf4 Qd8 12. Qg3 Bb7 13. Qg5 f6 14. Qh4 g5 15.
Qg3 gxf4 16. Qxf4 Qe7 17. Na5 Qb4+ 18. Qd2 Qxb2 19. Qc1 Qb4+ 20. Qd2 Qxd2+ 21.
Kxd2 Ba6 22. f4 c5 23. Bf3 Rd8 24. e5 d5 25. exf6 Bxf6 26. g4 Bxa1 27. Rxa1 Nd7
28. g5 Nf5 29. Bg4 Re8 30. Bh5 Rf8 31. Re1 Ng7 32. Bg4 Rae8 33. f5 exf5 34.
Rxe8 Rxe8 35. Bh5 Nxh5 0-1

[Event "Michigan Open"]
[Site "Romulus, MI"]
[Date "2000.09.04"]
[Round "6.20"]
[White "Forte, Joe"]
[Black "Rogers, Bradley"]
[Result "1/2-1/2"]
[WhiteElo "1885"]
[BlackElo "2000"]
[PlyCount "115"]
[EventDate "2000.09.01"]

1. d4 Nf6 2. c4 c5 3. d5 g6 4. Nc3 Bg7 5. e4 d6 6. f3 O-O 7. Be3 e5 8. Qd2 Nh5
9. g4 Nf4 10. h4 f5 11. gxf5 gxf5 12. Nge2 Nxe2 13. Qxe2 a6 14. Bg5 Bf6 15. Rg1
Bxg5 16. Rxg5+ Kh8 17. Qg2 b6 18. O-O-O Ra7 19. Bd3 f4 20. Rg1 Raf7 21. Rg7 Bh3
22. Qg5 Qxg5 23. R7xg5 Bd7 24. Bc2 b5 25. cxb5 axb5 26. a4 b4 27. Na2 Na6 28.
b3 Nc7 29. Kd2 Ne8 30. Nc1 Rf6 31. Nd3 Rh6 32. Rh1 Rg8 33. Rxg8+ Kxg8 34. Nb2
Rg6 35. Rh2 Bc8 36. Bd3 Rg3 37. Ke2 Kf7 38. a5 Nc7 39. Nc4 Ke7 40. Nb6 Ba6 41.
Bxa6 Nxa6 42. Kf2 h5 43. Rg2 Rxg2+ 44. Kxg2 Kd8 45. Kf2 Nc7 46. Ke1 Nb5 47. Nc4
Kc7 48. Kd1 Nd4 49. Nd2 Kb7 50. Nc4 Kc7 51. Nd2 Kc8 52. Nc4 Kd7 53. Nd2 Kc7 54.
Kc1 Kb7 55. Kd1 Ka6 56. Kc1 Nb5 57. Nc4 Kb7 58. Kd1 1/2-1/2

[Event "Michigan Open Reserve"]
[Site "Romulus, MI"]
[Date "2000.09.04"]
[Round "6.51"]
[White "Foord, Allan"]
[Black "Sobh, Alex"]
[Result "1/2-1/2"]
[WhiteElo "1500"]
[BlackElo "1146"]
[PlyCount "129"]
[EventDate "2000.09.01"]

1. e4 e5 2. Nf3 Nc6 3. Bb5 Nd4 4. Nxd4 exd4 5. d3 c6 6. Bc4 Qe7 7. O-O d6 8.
Bd2 a5 9. c3 a4 10. a3 Ra5 11. cxd4 Ra8 12. Nc3 b5 13. Ba2 Nf6 14. e5 Ng4 15.
Qf3 d5 16. h3 Nh6 17. Ne2 g6 18. Bb4 Qh4 19. Bxf8 Kxf8 20. Bxd5 cxd5 21. Qxd5
Ra6 22. Qc5+ Kg7 23. Qxb5 Nf5 24. d5 Nd4 25. Nxd4 Qxd4 26. d6 Rb6 27. Qc4 Qxe5
28. Qc3 Qxc3 29. bxc3 Rxd6 30. Rfd1 Bf5 31. d4 Bc2 32. Rd2 Bb3 33. Rc1 Rc8 34.
f3 Kf6 35. Kf2 Kf5 36. g3 Bd5 37. Rd3 Re6 38. Rd2 Rce8 39. c4 Bb7 40. d5 Re3
41. c5 Rxa3 42. c6 Rc8 43. cxb7 Rb8 44. Rc7 Rb3 45. d6 a3 46. Rxf7+ Ke6 47.
Re7+ Kf6 48. Re3 Rxe3 49. Kxe3 a2 50. Rxa2 Rxb7 51. Rd2 Ke6 52. d7 Rxd7 53.
Rxd7 Kxd7 54. Kf4 Ke6 55. Kg5 Kf7 56. Kh6 Kg8 57. f4 Kh8 58. g4 Kg8 59. h4 Kh8
60. f5 gxf5 61. gxf5 Kg8 62. h5 Kh8 63. Kg5 Kg7 64. h6+ Kf7 65. f6 1/2-1/2

[Event "Michigan Open Reserve"]
[Site "Romulus, MI"]
[Date "2000.09.04"]
[Round "7.54"]
[White "Fleeman, Paul"]
[Black "Sobh, Bassel"]
[Result "0-1"]
[WhiteElo "999"]
[BlackElo "865"]
[PlyCount "66"]
[EventDate "2000.09.01"]

1. d4 d5 2. c4 dxc4 3. Nc3 e6 4. e3 Bb4 5. Bxc4 Nf6 6. Nf3 O-O 7. O-O c6 8. Bb3
b5 9. Qd3 Bxc3 10. bxc3 Nbd7 11. e4 Bb7 12. e5 Nh5 13. Bc2 g6 14. Ng5 c5 15.
Qxb5 Rb8 16. Qd3 cxd4 17. cxd4 Qc7 18. Re1 Qc6 19. f3 Rfc8 20. Re2 Ba6 21. Qd2
Bxe2 22. Qxe2 Qxc2 23. Qxc2 Rxc2 24. Be3 Rbc8 25. Ne4 Re2 26. Bg5 Rcc2 27. Nd2
Rcxd2 28. Bxd2 Rxd2 29. a4 Rxd4 30. a5 a6 31. Rc1 Ra4 32. Rc7 Nxe5 33. Rc5 Nc4
0-1